| 000 | 00809nam a2200229 a 4500 | ||
|---|---|---|---|
| 001 | 000036835 | ||
| 005 | 20200930075951.0 | ||
| 008 | 120201s1967 000 spa d | ||
| 040 |
_aDO-SdBNP _bspa _cBNPHU |
||
| 041 | 1 | 7 |
_aspa _heng |
| 082 | _a331.89 | ||
| 100 | 1 |
_aSorel, Georges _d1847-1922. _963175 |
|
| 245 | 1 | 0 |
_aReflections on violence / _cGeorges Sorel. Translated by T. E. Hulme and J. Roth, with an introduction by Edward A. Shils. |
| 260 |
_aLondon : _bCollier-MacMillan Ltd., _c1967. |
||
| 300 |
_a286 p. ; _c19 cm. |
||
| 490 | 1 | _aCollier book | |
| 500 | _aTranslation of Réflexions sur la violence. | ||
| 500 | _aIncluye referencias bibliográficas y notas al pie de las páginas | ||
| 650 | 4 |
_aStrikes and lockouts _963176 |
|
| 650 | 4 |
_aSyndicalism _963177 |
|
| 830 | 0 |
_aCollier book _963178 |
|
| 999 |
_c36326 _d36326 |
||